Từ vựng học tiếng Việt
Giới thiệu khái quát về từ vựng, từ vựng học và vài nét về lịch sử từ vựng học tiếng Việt. Vấn đề nhận diện và phân loại các đơn vị từ vựng tiếng Việt. Cơ cấu ngữ nghĩa của từ vựng tiếng Việt. Sự hình thành, tồn tại và ph...
Αποθηκεύτηκε σε:
| Κύριος συγγραφέας: | |
|---|---|
| Μορφή: | Βιβλίο |
| Γλώσσα: | Undetermined |
| Έκδοση: |
Hà Nội
Giáo dục Việt Nam
2013
|
| Θέματα: | |
| Ετικέτες: |
Προσθήκη ετικέτας
Δεν υπάρχουν, Καταχωρήστε ετικέτα πρώτοι!
|
| Thư viện lưu trữ: | Trung tâm Học liệu Trường Đại học Cần Thơ |
|---|
| LEADER | 01116nam a2200217Ia 4500 | ||
|---|---|---|---|
| 001 | CTU_188412 | ||
| 008 | 210402s9999 xx 000 0 und d | ||
| 020 | |c 45000 | ||
| 082 | |a 495.9225 | ||
| 082 | |b Gi109 | ||
| 100 | |a Nguyễn, Thiện Giáp | ||
| 245 | 0 | |a Từ vựng học tiếng Việt | |
| 245 | 0 | |c Nguyễn Thiện Giáp | |
| 260 | |a Hà Nội | ||
| 260 | |b Giáo dục Việt Nam | ||
| 260 | |c 2013 | ||
| 520 | |a Giới thiệu khái quát về từ vựng, từ vựng học và vài nét về lịch sử từ vựng học tiếng Việt. Vấn đề nhận diện và phân loại các đơn vị từ vựng tiếng Việt. Cơ cấu ngữ nghĩa của từ vựng tiếng Việt. Sự hình thành, tồn tại và phát triển của từ vựng tiếng Việt | ||
| 650 | |a Vietnamese language,Tiếng Việt | ||
| 650 | |x Glossaries, vocabularies, etc,Bảng thuật ngữ, từ vựng, vv.. | ||
| 910 | |a Hải | ||
| 980 | |a Trung tâm Học liệu Trường Đại học Cần Thơ | ||